E. Akhvlediani / Selected Works (Record no. 1754)

000 -LEADER
fixed length control field 00832nam a22002057a 4500
003 - CONTROL NUMBER IDENTIFIER
control field OSt
005 - DATE AND TIME OF LATEST TRANSACTION
control field 20210421074444.0
008 - FIXED-LENGTH DATA ELEMENTS--GENERAL INFORMATION
fixed length control field 210226s1987 ||||| |||| 00| 0 eng d
040 ## - CATALOGING SOURCE
Original cataloging agency eng
Language of cataloging eng
Transcribing agency DLC
041 ## - LANGUAGE CODE
Language code of text/sound track or separate title eng
Language code of original rus
080 ## - UNIVERSAL DECIMAL CLASSIFICATION NUMBER
Universal Decimal Classification number 7
Item number Х-94
100 ## - MAIN ENTRY--PERSONAL NAME
9 (RLIN) 1143
Personal name Хромченко, М., С / Khromchenko, M., C.
245 ## - TITLE STATEMENT
Title E. Akhvlediani / Selected Works
Remainder of title : Е. Ахвледиани / Избранные Произведения
Statement of responsibility, etc. / by: Sovetsky Khudozhnik Publishers / Советский Художник
260 ## - PUBLICATION, DISTRIBUTION, ETC.
Place of publication, distribution, etc. Moscow / Москва
Name of publisher, distributor, etc. Sovetsky Khudozhnik Publishers / Советский Художник
Date of publication, distribution, etc. 1987
300 ## - PHYSICAL DESCRIPTION
Extent 153 p.
Other physical details ill.
650 #0 - SUBJECT ADDED ENTRY--TOPICAL TERM
9 (RLIN) 447
Topical term or geographic name entry element Art
653 ## - INDEX TERM--UNCONTROLLED
Uncontrolled term ხელოვნება
700 ## - ADDED ENTRY--PERSONAL NAME
9 (RLIN) 1145
Personal name Mozolkova, E. / Мозольково, Е.
Relator term Translator / Перевод
942 ## - ADDED ENTRY ELEMENTS (KOHA)
Source of classification or shelving scheme
Koha item type Books
Holdings
Withdrawn status Lost status Source of classification or shelving scheme Damaged status Not for loan Permanent location Current location Date acquired Inventory number Total Checkouts Full call number Barcode Date last seen Price effective from Koha item type
          Ken Walker International University Ken Walker International University 02/26/2021 1455   7 Х-94 1455 02/26/2021 02/26/2021 Books
          Ken Walker International University Ken Walker International University 02/26/2021 1459   7 Х-94 1459 02/26/2021 02/26/2021 Books

Powered by Koha